<?xml version="1.0" encoding="UTF-8"?>
<record
    xmlns:xsi="http://www.w3.org/2001/XMLSchema-instance"
    xsi:schemaLocation="http://www.loc.gov/MARC21/slim http://www.loc.gov/standards/marcxml/schema/MARC21slim.xsd"
    xmlns="http://www.loc.gov/MARC21/slim">

  <leader>01424nam a2200253Ia 4500</leader>
  <controlfield tag="001">11855281</controlfield>
  <controlfield tag="003">AUA.1</controlfield>
  <controlfield tag="005">20111107114358.0</controlfield>
  <controlfield tag="008">850327s1985    coua     f    000 0 eng d</controlfield>
  <datafield tag="040" ind1=" " ind2=" ">
    <subfield code="a">IDI</subfield>
    <subfield code="c">IDI</subfield>
    <subfield code="d">EXN</subfield>
  </datafield>
  <datafield tag="049" ind1=" " ind2=" ">
    <subfield code="a">EXNW [446615]</subfield>
    <subfield code="c">1 [446615]</subfield>
  </datafield>
  <datafield tag="090" ind1=" " ind2=" ">
    <subfield code="a">BV 4447</subfield>
    <subfield code="b">.C64 1985</subfield>
  </datafield>
  <datafield tag="100" ind1="1" ind2=" ">
    <subfield code="a">Coleman, Lyman.</subfield>
    <subfield code="9">12428</subfield>
  </datafield>
  <datafield tag="245" ind1="1" ind2="0">
    <subfield code="a">Youth ministry encyclopedia /</subfield>
    <subfield code="c">by Lyman Coleman.</subfield>
  </datafield>
  <datafield tag="260" ind1=" " ind2=" ">
    <subfield code="a">Littleton, Colo. :</subfield>
    <subfield code="b">Serendipity House,</subfield>
    <subfield code="c">1985.</subfield>
  </datafield>
  <datafield tag="300" ind1=" " ind2=" ">
    <subfield code="a">237 p. :</subfield>
    <subfield code="b">ill. ;</subfield>
    <subfield code="c">22 cm.</subfield>
  </datafield>
  <datafield tag="650" ind1=" " ind2="0">
    <subfield code="a">Church work with youth</subfield>
    <subfield code="x">Handbooks, manuals, etc.</subfield>
    <subfield code="9">12429</subfield>
  </datafield>
  <datafield tag="650" ind1=" " ind2="0">
    <subfield code="a">Youth</subfield>
    <subfield code="x">Religious life</subfield>
    <subfield code="x">Handbooks, manuals, etc.</subfield>
    <subfield code="9">12430</subfield>
  </datafield>
  <datafield tag="942" ind1=" " ind2=" ">
    <subfield code="2">lcc</subfield>
    <subfield code="c">BOOK</subfield>
    <subfield code="h">BV 4447</subfield>
    <subfield code="i">.C64 1985</subfield>
  </datafield>
  <datafield tag="999" ind1=" " ind2=" ">
    <subfield code="c">3466</subfield>
    <subfield code="d">3466</subfield>
  </datafield>
  <datafield tag="952" ind1=" " ind2=" ">
    <subfield code="0">0</subfield>
    <subfield code="1">0</subfield>
    <subfield code="2">lcc</subfield>
    <subfield code="4">0</subfield>
    <subfield code="7">0</subfield>
    <subfield code="8">Books</subfield>
    <subfield code="a">AUA.1</subfield>
    <subfield code="b">AUA.1</subfield>
    <subfield code="c">GS</subfield>
    <subfield code="d">2011-11-07</subfield>
    <subfield code="e">Bought by JTL</subfield>
    <subfield code="g">17.99</subfield>
    <subfield code="h">AUA003958</subfield>
    <subfield code="l">2</subfield>
    <subfield code="m">2</subfield>
    <subfield code="o">BV 4447 .C64 1985</subfield>
    <subfield code="p">AUA003958</subfield>
    <subfield code="r">2021-06-14 00:00:00</subfield>
    <subfield code="s">2020-12-01</subfield>
    <subfield code="t">1</subfield>
    <subfield code="v">17.99</subfield>
    <subfield code="w">2011-11-07</subfield>
    <subfield code="y">BOOK</subfield>
  </datafield>
  <datafield tag="952" ind1=" " ind2=" ">
    <subfield code="0">0</subfield>
    <subfield code="1">0</subfield>
    <subfield code="2">lcc</subfield>
    <subfield code="4">0</subfield>
    <subfield code="7">0</subfield>
    <subfield code="8">Books</subfield>
    <subfield code="a">AUA.1</subfield>
    <subfield code="b">AUA.1</subfield>
    <subfield code="c">GS</subfield>
    <subfield code="d">2011-11-07</subfield>
    <subfield code="e">Bought by JTL</subfield>
    <subfield code="g">17.99</subfield>
    <subfield code="h">AUA003959</subfield>
    <subfield code="l">0</subfield>
    <subfield code="o">BV 4447 .C64 1985</subfield>
    <subfield code="p">AUA003959</subfield>
    <subfield code="r">2011-11-07 00:00:00</subfield>
    <subfield code="t">2</subfield>
    <subfield code="v">17.99</subfield>
    <subfield code="w">2011-11-07</subfield>
    <subfield code="y">BOOK</subfield>
  </datafield>
  <datafield tag="952" ind1=" " ind2=" ">
    <subfield code="0">0</subfield>
    <subfield code="1">0</subfield>
    <subfield code="2">lcc</subfield>
    <subfield code="4">0</subfield>
    <subfield code="7">0</subfield>
    <subfield code="8">Books</subfield>
    <subfield code="a">AUA.1</subfield>
    <subfield code="b">AUA.1</subfield>
    <subfield code="c">GS</subfield>
    <subfield code="d">2011-11-07</subfield>
    <subfield code="e">Bought by JTL</subfield>
    <subfield code="g">17.99</subfield>
    <subfield code="h">AUA003960</subfield>
    <subfield code="l">0</subfield>
    <subfield code="o">BV 4447 .C64 1985</subfield>
    <subfield code="p">AUA003960</subfield>
    <subfield code="r">2011-11-07 00:00:00</subfield>
    <subfield code="t">3</subfield>
    <subfield code="v">17.99</subfield>
    <subfield code="w">2011-11-07</subfield>
    <subfield code="y">BOOK</subfield>
  </datafield>
  <datafield tag="952" ind1=" " ind2=" ">
    <subfield code="0">0</subfield>
    <subfield code="1">0</subfield>
    <subfield code="2">lcc</subfield>
    <subfield code="4">0</subfield>
    <subfield code="7">0</subfield>
    <subfield code="8">Books</subfield>
    <subfield code="a">AUA.1</subfield>
    <subfield code="b">AUA.1</subfield>
    <subfield code="c">GS</subfield>
    <subfield code="d">2011-11-07</subfield>
    <subfield code="e">Bought by JTL</subfield>
    <subfield code="g">17.99</subfield>
    <subfield code="h">AUA003961</subfield>
    <subfield code="l">0</subfield>
    <subfield code="o">BV 4447 .C64 1985</subfield>
    <subfield code="p">AUA003961</subfield>
    <subfield code="r">2011-11-07 00:00:00</subfield>
    <subfield code="t">4</subfield>
    <subfield code="v">17.99</subfield>
    <subfield code="w">2011-11-07</subfield>
    <subfield code="y">BOOK</subfield>
  </datafield>
</record>
